000 00475nam a2200133Ia 4500
005 20260209120149.0
008 260209s9999||||xx |||||||||||||| ||und||
100 _aAnban Bharathy S A
245 0 _aRecognizing unpaid household labour of women
260 _aBangaloreBangalore
_bNLSIU, Bangalore
_c2023 - 2024
300 _a35 p. ; 25 cm.
700 _aMs. Padmini Baruah - SupervisorMs. Padmini Baruah - Supervisor
856 _uhttps://dans.nls.ac.in/handle/123456789/2088
999 _c217647
_d217647